| 000 | 01038nam a22002897a 4500 | ||
|---|---|---|---|
| 001 | 9640 | ||
| 003 | FISKH | ||
| 005 | 20260127134503.0 | ||
| 008 | 260127b cb ||||| |||| 00| 0 eng d | ||
| 020 | _a9780545493239 | ||
| 040 |
_aFISKH _beng _cFISKH _dFISKH |
||
| 050 | _aPZ7 .C91494 .R | ||
| 082 | _a813.6 | ||
| 100 |
_aCummings, Troy _eAuthor |
||
| 245 |
_aRise of the balloon goons / _cby Troy Cummings |
||
| 260 |
_aNew York : _bScholastic Inc. , _c2013 |
||
| 300 |
_a89 pages : _billustrations ; _c20 cm |
||
| 490 |
_aThe notebook of doom _v1 |
||
| 505 | _aJ | ||
| 520 | _aAlexander has just moved into Stermont, but the elementary school is being torn down, his new classroom is located in the hospital morgue, a notebook he finds is full of information about monsters--and everywhere he turns there are spooky balloon men determined to attack him. | ||
| 521 | 8 |
_a490
_bLexile |
|
| 521 | 8 |
_aJ
_bRaz-Plus |
|
| 650 |
_aEarly reader _vElementary |
||
| 650 |
_aFantasy _vFiction |
||
| 942 |
_2ddc _cBK _n0 |
||
| 999 |
_c9640 _d9640 |
||